000 00629nam a2200229 i 4500
001 C2-0282732
003 PPAK
005 20180728013021.0
008 071022s2004 nyua|||| ||||| | eng d
020 _a0821228927
040 _aPPAK
_beng
_cPPAK
_erda
082 0 4 _a770
_223
090 0 0 _a770
_bGRE
_dRLCK
245 0 4 _aThe great life photographers
264 1 _aNew York :
_bBulfinch Press ,
_c2004
300 _a608 pages :
_billustrations ;
_c26 cm
336 _2rdacontent
_atext
337 _2rdamedia
_aunmediated
338 _2rdacarrier
_avolume
650 1 0 _aPhotography - Handbooks, manual, etc.
942 _ddc
_cB
999 _c88950
_d88950